00447cam a2200169 a 4500040000800000082002600008100002600034245004000060250001300100260003100113300004500144650001000189650002500199650001000224650002500234700001800259 cCSP a582 PUT 1948 A032 Or.1 aEliot, Willard Ayres,10aForest trees of the Pacific Coast / aRev. ed. aNew York :bPutnam,c1948. a565 p. :bfront., ill., plates ;c21 cm. 0aTrees 0aForests and forestry 0aTrees 0aForests and forestry1 aMcLean, G. B.